[Event "Berlin Lichtenberger op 18th"]
[Site "Berlin"]
[Date "2019.08.20"]
[Round "4"]
[White "Weber, Constanze"]
[Black "Rehder, Frank"]
[Result "0-1"]
[WhiteElo "1490"]
[BlackElo "1793"]
[PlyCount "134"]
[EventDate "2019.08.17"]
[EventType "swiss"]
[EventRounds "9"]
[EventCountry "GER"]
[SourceTitle "EXT 2020"]
[Source "ChessBase"]
[SourceDate "2019.10.17"]
[SourceVersion "1"]
[SourceVersionDate "2019.10.17"]
[SourceQuality "1"]

1. c4 Nf6 2. Nc3 g6 3. g3 Bg7 4. Bg2 d6 5. d4 0-0 6. e4 Nbd7 7. Nge2 c6 8. 0-0 Qc7 9. b4 e5 10. d5 h6 11. a3 a6 12. Be3 Ng4 13. Qd2 Nxe3 14. Qxe3 Nf6 15. h3 Bd7 16. Rfd1 Rab8 17. Rac1 Ne8 18. Kh2 f5 19. f4 Qd8 20. Rf1 Rc8 21. fxe5 dxe5 22. c5 Nf6 23. exf5 Bxf5 24. d6 Kh7 25. Rcd1 Qd7 26. Ng1 Rce8 27. Ne4 Nd5 28. Qd2 Be6 29. Nf3 Nf6 30. Ng1 Nh5 31. Rxf8 Rxf8 32. Nf3 Bd5 33. Qe2 Kh8 34. Rf1 Qe6 35. Qe3 Nf6 36. Nfd2 g5 37. Nxf6 Rxf6 38. Rxf6 Bxf6 39. Ne4 Bd8 40. Bf3 Qf5 41. Nd2 Kg7 42. g4 Qf4+ 43. Qxf4 exf4 44. Kg2 Kf6 45. Kf2 Ke5 46. Ke2 b6 47. Kd3 bxc5 48. bxc5 Bxf3 49. Nxf3+ Kd5 50. Nd4 Bf6 51. d7 Bd8 52. a4 Bf6 53. Nf5 Kxc5 54. Ke4 a5 55. Nxh6 Kd6 56. Nf5+ Kxd7 57. h4 gxh4 58. Kxf4 Bd8 59. g5 h3 60. Kg4 h2 61. Ng3 Bc7 62. Nh1 Ke6 63. Nf2 c5 64. Kh3 Kf5 65. Kg2 c4 66. Nh3 c3 67. Nf2 c2 0-1

[Event "Berlin Lichtenberger op 18th"]
[Site "Berlin"]
[Date "2019.08.17"]
[Round "1"]
[White "Rehder, Frank"]
[Black "Petersen, Soren Boeck"]
[Result "0-1"]
[WhiteElo "1793"]
[BlackElo "2218"]
[PlyCount "98"]
[EventDate "2019.08.17"]
[EventType "swiss"]
[EventRounds "9"]
[EventCountry "GER"]
[SourceTitle "EXT 2020"]
[Source "ChessBase"]
[SourceDate "2019.10.17"]
[SourceVersion "1"]
[SourceVersionDate "2019.10.17"]
[SourceQuality "1"]

1. d4 d5 2. Nf3 Nf6 3. e3 e6 4. Bd3 Be7 5. 0-0 0-0 6. b3 b6 7. Bb2 Bb7 8. Nbd2 Nbd7 9. Qe2 Ne4 10. c4 Ndf6 11. a3 c5 12. Rac1 Rc8 13. Ne5 Nxd2 14. Qxd2 Ne4 15. Qe2 f6 16. Nf3 Bd6 17. Rfd1 Qe7 18. a4 Rfd8 19. Ne1 Qc7 20. g3 f5 21. Ng2 Qf7 22. Rf1 Rc7 23. f3 Nf6 24. Ba3 g6 25. dxc5 bxc5 26. Bb2 Bf8 27. e4 dxe4 28. fxe4 Nxe4 29. Nf4 Rcd7 30. Rcd1 g5 31. Nh3 h6 32. Nf2 Nxf2 33. Rxf2 Bg7 34. Bxg7 Kxg7 35. Rff1 Qf6 36. Bc2 Rxd1 37. Rxd1 Rxd1+ 38. Qxd1 Qd4+ 39. Qxd4+ cxd4 40. b4 Kf6 41. b5 Ke5 42. c5 Kd5 43. c6 Bc8 44. Kf2 e5 45. Bb3+ Kc5 46. Bf7 e4 47. Be8 Kd6 48. a5 Kc7 49. Ke2 Be6 0-1

[Event "Berlin-ch Seniors op 34th"]
[Site "Berlin"]
[Date "2018.02.03"]
[Round "5"]
[White "Rehder, Frank"]
[Black "Hoppensack, Manfred"]
[Result "1/2-1/2"]
[WhiteElo "1816"]
[BlackElo "1881"]
[PlyCount "95"]
[EventDate "2018.01.30"]
[EventType "swiss"]
[EventRounds "9"]
[EventCountry "GER"]
[SourceTitle "EXT 2020"]
[Source "ChessBase"]
[SourceDate "2019.10.17"]
[SourceVersion "1"]
[SourceVersionDate "2019.10.17"]
[SourceQuality "1"]

1. d4 d5 2. Nf3 Nf6 3. e3 Bg4 4. Nbd2 e6 5. h3 Bh5 6. Be2 Bd6 7. 0-0 Nbd7 8. b3 Ne4 9. Bb2 Ndf6 10. a3 a5 11. c4 c6 12. c5 Bc7 13. Rc1 0-0 14. Ne5 Bxe2 15. Qxe2 Nxd2 16. Qxd2 Bxe5 17. dxe5 Ne4 18. Qe1 Qh4 19. Rc2 g5 20. f4 Qxe1 21. Rxe1 h6 22. fxg5 hxg5 23. Rf1 Kg7 24. g4 Kg6 25. a4 Rh8 26. Kg2 Raf8 27. Rf3 Rh7 28. Bc3 Nxc5 29. Bxa5 Nxb3 30. Bb4 Ra8 31. Rcf2 c5 32. Be1 b6 33. Rf6+ Kg7 34. Rxf7+ Kg8 35. R7f6 Re8 36. Rg6+ Rg7 37. Rff6 Rxg6 38. Rxg6+ Kf7 39. Rxg5 Rh8 40. h4 d4 41. exd4 cxd4 42. h5 d3 43. Rg6 d2 44. Bxd2 Nxd2 45. Rf6+ Ke7 46. Rg6 Kf7 47. Rf6+ Ke7 48. Rg6 1/2-1/2

[Event "Berlin-ch Seniors op 33rd"]
[Site "Berlin"]
[Date "2017.01.31"]
[Round "1"]
[White "Klevenow, Ursula"]
[Black "Rehder, Frank"]
[Result "1-0"]
[WhiteElo "1592"]
[BlackElo "1877"]
[PlyCount "73"]
[EventDate "2017.01.31"]
[EventType "swiss"]
[EventRounds "9"]
[EventCountry "GER"]
[SourceTitle "EXT 2019"]
[Source "ChessBase"]
[SourceDate "2018.10.10"]
[SourceVersion "1"]
[SourceVersionDate "2018.10.10"]
[SourceQuality "1"]

1. d4 Nf6 2. Nf3 g6 3. c4 Bg7 4. Nc3 0-0 5. e4 d6 6. Be2 Nbd7 7. 0-0 c6 8. Be3 Ng4 9. Bd2 e5 10. d5 a5 11. h3 Ngf6 12. Be3 c5 13. Qd2 Nh5 14. Nh2 Nb6 15. b3 Nf4 16. Bf3 f5 17. Rac1 fxe4 18. Nxe4 Qe7 19. Kh1 Bd7 20. Qd1 Rf7 21. Bg4 Raf8 22. Bxd7 Nxd7 23. Qg4 Rf5 24. Qd1 h5 25. Ng3 R5f7 26. Qc2 Kh7 27. Bxf4 exf4 28. Nxh5 Bh8 29. Rce1 Qh4 30. g4 fxg3 31. Nxg3 Qxh3 32. Re6 Rf6 33. Ne4 Rxe6 34. Ng5+ Kg8 35. Nxh3 Ref6 36. Ng4 Rf5 37. Nh6+ 1-0

[Event "Hessen-ch Seniors op 12th"]
[Site "Bad Sooden-Allendorf"]
[Date "2016.05.06"]
[Round "7"]
[White "Goertz, Hans Georg"]
[Black "Rehder, Frank"]
[Result "1-0"]
[WhiteElo "1982"]
[BlackElo "1857"]
[PlyCount "79"]
[EventDate "2016.04.30"]
[EventType "swiss"]
[EventRounds "9"]
[EventCountry "GER"]
[SourceTitle "EXT 2019"]
[Source "ChessBase"]
[SourceDate "2018.10.10"]
[SourceVersion "1"]
[SourceVersionDate "2018.10.10"]
[SourceQuality "1"]

1. Nf3 Nf6 2. d4 g6 3. c4 Bg7 4. g3 d6 5. Bg2 0-0 6. 0-0 c6 7. a4 a5 8. Nc3 Qc7 9. e4 e5 10. d5 Na6 11. h3 h6 12. Be3 Kh7 13. Rc1 c5 14. Nh2 Nh5 15. Ne2 Bd7 16. b3 f5 17. exf5 gxf5 18. Nc3 Be8 19. g4 fxg4 20. Nxg4 Nb4 21. Be4+ Kh8 22. Nxh6 Nf4 23. Bxf4 Rxf4 24. Nf5 Qd7 25. Nxg7 Qxg7+ 26. Kh2 Qh6 27. Bg2 Bd7 28. Ne2 Rh4 29. Rc3 Rf8 30. Qc1 Qh7 31. Qd2 Bg4 32. Ng1 e4 33. Re3 Bf5 34. Qc3+ Kg8 35. Rg3+ Kf7 36. f3 e3 37. Qxe3 Nd3 38. Qd2 b6 39. f4 Qh6 40. Rxd3 1-0

[Event "Hessen-ch Seniors op 12th"]
[Site "Bad Sooden-Allendorf"]
[Date "2016.05.01"]
[Round "2"]
[White "Rehder, Frank"]
[Black "Andersen, Knut"]
[Result "1/2-1/2"]
[WhiteElo "1857"]
[BlackElo "2066"]
[PlyCount "72"]
[EventDate "2016.04.30"]
[EventType "swiss"]
[EventRounds "9"]
[EventCountry "GER"]
[SourceTitle "EXT 2019"]
[Source "ChessBase"]
[SourceDate "2018.10.10"]
[SourceVersion "1"]
[SourceVersionDate "2018.10.10"]
[SourceQuality "1"]

1. d4 d5 2. Nf3 Nf6 3. b3 g6 4. e3 Bg7 5. Bb2 Bg4 6. Be2 0-0 7. 0-0 Nbd7 8. Nbd2 c6 9. Rb1 Qc7 10. h3 Bxf3 11. Nxf3 Ne4 12. c4 e6 13. Bd3 f5 14. b4 a6 15. a4 Rfe8 16. Qc2 Rac8 17. Rfc1 Qb8 18. Qb3 b5 19. axb5 axb5 20. c5 e5 21. Qd1 exd4 22. Bxd4 Ne5 23. Bxe4 fxe4 24. Nxe5 Bxe5 25. Ra1 Bxd4 26. Qxd4 Qb7 27. Ra5 Ra8 28. Rca1 Rxa5 29. Rxa5 Rf8 30. Qe5 Qf7 31. Qb2 g5 32. Qa2 Qf6 33. Ra8 Rxa8 34. Qxa8+ Kg7 35. Qb7+ Kg6 36. g4 Qe6 1/2-1/2

[Event "Berlin-ch Seniors op 32nd"]
[Site "Berlin"]
[Date "2016.01.27"]
[Round "2"]
[White "Rehder, Frank"]
[Black "Krause, Werner"]
[Result "1-0"]
[WhiteElo "1888"]
[BlackElo "1652"]
[PlyCount "57"]
[EventDate "2016.01.26"]
[EventType "swiss"]
[EventRounds "9"]
[EventCountry "GER"]
[SourceTitle "EXT 2019"]
[Source "ChessBase"]
[SourceDate "2018.10.10"]
[SourceVersion "1"]
[SourceVersionDate "2018.10.10"]
[SourceQuality "1"]

1. d4 d5 2. Nf3 Bf5 3. e3 Nf6 4. b3 c6 5. Bb2 h6 6. Bd3 Qc8 7. Ba3 Bg4 8. Be2 Nbd7 9. c4 e6 10. Bxf8 Nxf8 11. Nbd2 Bf5 12. Rc1 Ng6 13. 0-0 Qd8 14. b4 Qe7 15. Qb3 Ne4 16. b5 Nh4 17. Rfd1 Qf6 18. bxc6 bxc6 19. cxd5 exd5 20. Qb7 0-0 21. Rxc6 Rfb8 22. Qa6 Be6 23. Nxe4 dxe4 24. Nxh4 Qxh4 25. d5 Bc8 26. Qc4 Rb2 27. Rxc8+ Rxc8 28. Qxc8+ Kh7 29. Qc4 1-0

[Event "Miedzyzdroje OB Seniors 23rd"]
[Site "Miedzyzdroje"]
[Date "2015.06.21"]
[Round "5"]
[White "Marsch, Alfred"]
[Black "Rehder, Frank"]
[Result "1-0"]
[WhiteElo "1503"]
[BlackElo "1895"]
[PlyCount "55"]
[EventDate "2015.06.17"]
[EventType "swiss"]
[EventRounds "8"]
[EventCountry "POL"]
[SourceTitle "EXT 2018"]
[Source "ChessBase"]
[SourceDate "2017.10.13"]
[SourceVersion "1"]
[SourceVersionDate "2017.10.13"]
[SourceQuality "1"]

1. e4 d6 2. d4 e6 3. Nf3 Be7 4. Be3 Nf6 5. Bd3 0-0 6. c4 c6 7. h3 Nbd7 8. Nc3 e5 9. 0-0 h6 10. Qd2 Kh7 11. Rad1 Re8 12. Bb1 Qc7 13. b3 Nf8 14. d5 c5 15. Nh2 g5 16. Ne2 Ng6 17. Ng3 Nh4 18. Qe2 Ng6 19. Nh5 Nxh5 20. Qxh5 Nf4 21. Qf3 Rf8 22. Rd2 f5 23. Bxf4 exf4 24. exf5 Bxf5 25. Bxf5+ Rxf5 26. Qd3 Raf8 27. g4 fxg3 28. fxg3 1-0

[Event "Miedzyzdroje OB Seniors 23rd"]
[Site "Miedzyzdroje"]
[Date "2015.06.21"]
[Round "4"]
[White "Rehder, Frank"]
[Black "Pak, Klim"]
[Result "0-1"]
[WhiteElo "1895"]
[BlackElo "1678"]
[PlyCount "66"]
[EventDate "2015.06.17"]
[EventType "swiss"]
[EventRounds "8"]
[EventCountry "POL"]
[SourceTitle "EXT 2018"]
[Source "ChessBase"]
[SourceDate "2017.10.13"]
[SourceVersion "1"]
[SourceVersionDate "2017.10.13"]
[SourceQuality "1"]

1. d4 d5 2. Nf3 Nf6 3. b3 b6 4. Bb2 e6 5. e3 c6 6. Bd3 Bd6 7. Qe2 Qc7 8. Nbd2 a5 9. a4 Nbd7 10. c4 Ba6 11. Rc1 0-0 12. 0-0 Qb8 13. e4 dxe4 14. Nxe4 Be7 15. Neg5 Qd8 16. Qc2 h6 17. Ne4 Rc8 18. Qe2 Re8 19. Bb1 Qc7 20. Ne5 Bb7 21. Nxf6+ Nxf6 22. Qd3 Red8 23. Qc2 c5 24. dxc5 Qxc5 25. Ng4 Qg5 26. f3 Rd2 27. Nxf6+ Bxf6 28. Qh7+ Kf8 29. Ba3+ Rc5 30. Bxc5+ bxc5 31. g3 Bd4+ 32. Kh1 Qh5 33. h4 Bxf3+ 0-1

[Event "Miedzyzdroje OB Seniors 23rd"]
[Site "Miedzyzdroje"]
[Date "2015.06.17"]
[Round "1"]
[White "Scholz, Jutta"]
[Black "Rehder, Frank"]
[Result "0-1"]
[WhiteElo "1613"]
[BlackElo "1895"]
[PlyCount "106"]
[EventDate "2015.06.17"]
[EventType "swiss"]
[EventRounds "8"]
[EventCountry "POL"]
[SourceTitle "EXT 2018"]
[Source "ChessBase"]
[SourceDate "2017.10.13"]
[SourceVersion "1"]
[SourceVersionDate "2017.10.13"]
[SourceQuality "1"]

1. e4 d6 2. d4 g6 3. h3 Bg7 4. Nf3 Nf6 5. Bd3 0-0 6. 0-0 Nbd7 7. Be3 e5 8. c3 c6 9. a4 Re8 10. Nbd2 Qc7 11. Re1 Nh5 12. Nf1 Nf8 13. Qd2 Ne6 14. dxe5 dxe5 15. g3 c5 16. Bc4 Rd8 17. Qc2 Nf8 18. Rad1 Be6 19. Bxe6 Nxe6 20. Rd5 Rxd5 21. exd5 Nf8 22. c4 h6 23. Bd2 Re8 24. Bc3 Qd7 25. Kg2 Qd6 26. N1d2 f5 27. Ng1 Nd7 28. f4 e4 29. Bxg7 Nxg7 30. Re3 Nh5 31. Ne2 Ndf6 32. Nf1 g5 33. Rb3 Re7 34. Ne3 Qd7 35. fxg5 hxg5 36. Rb5 b6 37. a5 f4 38. axb6 axb6 39. Rxb6 fxe3 40. Qc3 Qf5 41. Qxe3 Rf7 42. Ng1 Nd7 43. Qe2 Nhf6 44. Rc6 g4 45. h4 Re7 46. Qe3 Qe5 47. Rc8+ Kh7 48. Qc1 e3 49. Ne2 Qe4+ 50. Kh2 Qf3 51. Qc2+ Ne4 52. Nf4 Qxg3+ 53. Kh1 Qxf4 0-1

[Event "Hessen-ch Seniors op 11th"]
[Site "Bad Sooden-Allendorf"]
[Date "2015.05.11"]
[Round "3"]
[White "Ludwig, Richard"]
[Black "Rehder, Frank"]
[Result "0-1"]
[WhiteElo "1673"]
[BlackElo "1895"]
[PlyCount "56"]
[EventDate "2015.05.09"]
[EventType "swiss"]
[EventRounds "9"]
[EventCountry "GER"]
[SourceTitle "EXT 2018"]
[Source "ChessBase"]
[SourceDate "2017.10.13"]
[SourceVersion "1"]
[SourceVersionDate "2017.10.13"]
[SourceQuality "1"]

1. e4 d6 2. d4 Nf6 3. Nc3 g6 4. Nf3 Bg7 5. Bc4 0-0 6. Be3 c6 7. Qd2 b5 8. Bd3 Ng4 9. 0-0 Nxe3 10. Qxe3 Nd7 11. a3 a6 12. Rfd1 Qc7 13. b4 e5 14. d5 c5 15. Bf1 f5 16. Qd2 Nb6 17. Rac1 Bd7 18. Be2 Rac8 19. bxc5 Qxc5 20. Nb1 fxe4 21. Ng5 Qxf2+ 22. Kh1 Bf5 23. Rf1 Qc5 24. Ne6 Bxe6 25. Rxf8+ Rxf8 26. dxe6 Nc4 27. Bxc4 Qxc4 28. Qxd6 Qf1+ 0-1

[Event "Berlin-ch Seniors op 31st"]
[Site "Berlin"]
[Date "2015.02.03"]
[Round "5"]
[White "Johnsen, Oystein"]
[Black "Rehder, Frank"]
[Result "1-0"]
[WhiteElo "2030"]
[BlackElo "1755"]
[PlyCount "77"]
[EventDate "2015.01.29"]
[EventType "swiss"]
[EventRounds "9"]
[EventCountry "GER"]
[SourceTitle "EXT 2018"]
[Source "ChessBase"]
[SourceDate "2017.10.13"]
[SourceVersion "1"]
[SourceVersionDate "2017.10.13"]
[SourceQuality "1"]

1. c4 Nf6 2. g3 d6 3. Bg2 g6 4. Nc3 Bg7 5. Rb1 0-0 6. b4 c6 7. Qc2 e5 8. a4 Be6 9. d3 d5 10. cxd5 cxd5 11. Nf3 Nc6 12. 0-0 Rc8 13. Qd2 d4 14. Ne4 Nd5 15. b5 Nce7 16. Ba3 Re8 17. Nd6 Nc3 18. Rbc1 Ned5 19. Nxe8 Qxe8 20. Rfe1 Nxa4 21. Rxc8 Qxc8 22. Qa5 Nac3 23. Qxa7 Nxb5 24. Qc5 Nxa3 25. Qxa3 Nc3 26. Nd2 Bf8 27. Qb2 b5 28. Ne4 b4 29. Ra1 Kg7 30. Ng5 Bg4 31. h3 Bf5 32. Ra7 Bd7 33. Qb3 Qe8 34. Bd5 Nxd5 35. Qxd5 Be7 36. Nxf7 Bxh3 37. Nd6 Qf8 38. Ra8 Qf6 39. Ne8+ 1-0

[Event "MVP-ch Seniors op 14th"]
[Site "Binz"]
[Date "2014.12.03"]
[Round "9"]
[White "Rehder, Frank"]
[Black "Rychlik, Kurt"]
[Result "0-1"]
[WhiteElo "1744"]
[BlackElo "1882"]
[PlyCount "86"]
[EventDate "2014.11.25"]
[EventType "swiss"]
[EventRounds "9"]
[EventCountry "GER"]
[SourceTitle "EXT 2016"]
[Source "ChessBase"]
[SourceDate "2015.10.08"]
[SourceVersion "1"]
[SourceVersionDate "2015.10.08"]
[SourceQuality "1"]

1. d4 g6 2. Nf3 Bg7 3. b3 c5 4. Bb2 Nc6 5. e3 d6 6. Be2 cxd4 7. exd4 Bf5 8. 0-0 Nf6 9. d5 Nb4 10. Bb5+ Kf8 11. Nc3 Bxc2 12. Qe2 Bf5 13. Nd4 Nbxd5 14. Nxd5 Nxd5 15. Nxf5 gxf5 16. Bxg7+ Kxg7 17. Qh5 e6 18. Rfd1 Qf6 19. Bc4 Ne7 20. Qf3 d5 21. Qg3+ Ng6 22. Bb5 a6 23. Be2 f4 24. Qd3 Ne5 25. Qd4 Rhg8 26. Qb6 f3 27. Bf1 fxg2 28. Be2 Rab8 29. Rac1 Nf3+ 30. Bxf3 Qxf3 31. Qd4+ Qf6 32. Qg4+ Kh8 33. Qb4 Qf3 34. Qd4+ f6 35. Rc7 Rg4 36. Qd2 Re4 37. Qc2 b5 38. Rc1 Rg8 39. Rc3 Qe2 40. Qxe2 Rxe2 41. Rc6 d4 42. Rd6 e5 43. Rxf6 d3 0-1

[Event "MVP-ch Seniors op 14th"]
[Site "Binz"]
[Date "2014.11.30"]
[Round "6"]
[White "Rehder, Frank"]
[Black "Thiele, Guenter"]
[Result "1/2-1/2"]
[WhiteElo "1744"]
[BlackElo "1878"]
[PlyCount "27"]
[EventDate "2014.11.25"]
[EventType "swiss"]
[EventRounds "9"]
[EventCountry "GER"]
[SourceTitle "EXT 2016"]
[Source "ChessBase"]
[SourceDate "2015.10.08"]
[SourceVersion "1"]
[SourceVersionDate "2015.10.08"]
[SourceQuality "1"]

1. d4 Nf6 2. Nf3 c6 3. b3 d5 4. Bb2 Bf5 5. e3 e6 6. Bd3 Bxd3 7. Qxd3 Nbd7 8. 0-0 Bd6 9. Nbd2 0-0 10. c4 Re8 11. Ne5 Nf8 12. c5 Bxe5 13. dxe5 N6d7 14. Rac1 1/2-1/2

[Event "GER-chA Seniors 26th"]
[Site "Bad Neuenahr"]
[Date "2014.08.12"]
[Round "8"]
[White "Smits, Oswald"]
[Black "Rehder, Frank"]
[Result "1/2-1/2"]
[WhiteElo "1940"]
[BlackElo "1907"]
[PlyCount "107"]
[EventDate "2014.08.05"]
[EventType "swiss"]
[EventRounds "9"]
[EventCountry "GER"]
[SourceTitle "EXT 2018"]
[Source "ChessBase"]
[SourceDate "2017.10.13"]
[SourceVersion "1"]
[SourceVersionDate "2017.10.13"]
[SourceQuality "1"]

1. d4 Nf6 2. Nf3 g6 3. c4 Bg7 4. Nc3 d6 5. e4 Nbd7 6. Be2 0-0 7. 0-0 e5 8. dxe5 dxe5 9. Qc2 c6 10. Bg5 h6 11. Bh4 Qc7 12. h3 Nc5 13. Nh2 Ne6 14. Bd3 Nd4 15. Qb1 Nh5 16. Qe1 Nf4 17. Rd1 Be6 18. b3 Qd7 19. Qe3 Nxg2 20. Kxg2 g5 21. Bg3 Bxh3+ 22. Kh1 Bxf1 23. Bxf1 Qe6 24. Be2 f5 25. exf5 Nxf5 26. Qe4 Qf6 27. Rf1 Qe7 28. Bg4 Nxg3+ 29. fxg3 Rxf1+ 30. Nxf1 Rd8 31. Bd1 Rd4 32. Qe1 Qe6 33. Kg2 g4 34. Ne2 Rd3 35. Nc1 Rd4 36. Ne2 Rd6 37. Nc3 h5 38. Bc2 Qf6 39. Qf2 Qd8 40. Ne4 Rd4 41. Qf5 Qf8 42. Qxf8+ Bxf8 43. Kf2 Kg7 44. Ke2 a5 45. Ne3 Rd7 46. Bd3 b6 47. Nd2 Bb4 48. Ne4 Ra7 49. a4 Rf7 50. Nf1 Kh6 51. Nh2 Be7 52. Nf2 Bc5 53. Ne4 Bb4 54. Nf1 1/2-1/2

[Event "GER-chA Seniors 26th"]
[Site "Bad Neuenahr"]
[Date "2014.08.11"]
[Round "7"]
[White "Rehder, Frank"]
[Black "Reichel, Rolf"]
[Result "0-1"]
[WhiteElo "1907"]
[BlackElo "1778"]
[PlyCount "136"]
[EventDate "2014.08.05"]
[EventType "swiss"]
[EventRounds "9"]
[EventCountry "GER"]
[SourceTitle "EXT 2018"]
[Source "ChessBase"]
[SourceDate "2017.10.13"]
[SourceVersion "1"]
[SourceVersionDate "2017.10.13"]
[SourceQuality "1"]

1. d4 d5 2. Nf3 c6 3. b3 Nf6 4. Bb2 Bg4 5. e3 e6 6. Be2 Bd6 7. 0-0 0-0 8. Nbd2 Nbd7 9. c4 Rc8 10. c5 Bb8 11. b4 Ne4 12. Nb3 Qc7 13. g3 Bh3 14. Re1 Ndf6 15. Ne5 Bf5 16. a4 Nd7 17. Nd3 Qd8 18. b5 Qg5 19. Nf4 h6 20. Ng2 Qe7 21. Bd3 Ndf6 22. Be2 Ng5 23. Nh4 Nh3+ 24. Kg2 Ng5 25. Nxf5 exf5 26. Nd2 Rfe8 27. a5 Qd7 28. Qb3 Nfe4 29. bxc6 bxc6 30. Rad1 Qe6 31. Nf3 Nxf3 32. Bxf3 Ng5 33. Qd3 Bc7 34. Bc3 Qg6 35. Be2 Re4 36. Rb1 h5 37. f4 Nh7 38. Bf3 Ree8 39. Rb7 Bb8 40. Kh1 Nf6 41. Re2 Ne4 42. Be1 Nf6 43. Rg2 Ng4 44. Bd2 Qe6 45. Re2 Qh6 46. Qxf5 Nf6 47. Qg5 Qh7 48. f5 Rc7 49. Rb1 Rce7 50. Rbe1 a6 51. Kg2 Bc7 52. Rb1 Ne4 53. Bxe4 Rxe4 54. Rb7 Rg4 55. Qxg4 hxg4 56. Rxc7 Qxf5 57. Rf2 Qe4+ 58. Kf1 f6 59. Rxc6 Rb8 60. Rb6 Rxb6 61. cxb6 Kf7 62. Ke2 f5 63. Rf4 Qe6 64. Rf1 Qe4 65. b7 Qe8 66. Rb1 Qb8 67. Bc1 Ke8 68. Ba3 Kd7 0-1

[Event "GER-chA Seniors 26th"]
[Site "Bad Neuenahr"]
[Date "2014.08.08"]
[Round "4"]
[White "Juergens, Peter1111"]
[Black "Rehder, Frank"]
[Result "1-0"]
[WhiteElo "2015"]
[BlackElo "1907"]
[PlyCount "59"]
[EventDate "2014.08.05"]
[EventType "swiss"]
[EventRounds "9"]
[EventCountry "GER"]
[SourceTitle "EXT 2018"]
[Source "ChessBase"]
[SourceDate "2017.10.13"]
[SourceVersion "1"]
[SourceVersionDate "2017.10.13"]
[SourceQuality "1"]

1. d4 Nf6 2. Bf4 g6 3. e3 d6 4. Nf3 Bg7 5. Be2 0-0 6. 0-0 Nbd7 7. h3 c5 8. c3 a6 9. a4 Nh5 10. Bh2 Qe8 11. Nbd2 e5 12. dxe5 dxe5 13. Nc4 Qe7 14. Qd6 Re8 15. Qxe7 Rxe7 16. g4 Nhf6 17. Nfxe5 Nxe5 18. Nxe5 h5 19. Rfd1 Re8 20. Nc4 Be6 21. g5 Nd5 22. h4 Red8 23. Nd6 Rd7 24. Bf3 Ne7 25. Nxb7 Rxd1+ 26. Rxd1 Bb3 27. Rd7 Nf5 28. Nxc5 Re8 29. Nxb3 Nxh4 30. Bd5 1-0

[Event "Hessen-ch Seniors op 10th"]
[Site "Bad Sooden-Allendorf"]
[Date "2014.04.29"]
[Round "4"]
[White "Ahlberg, Guenter"]
[Black "Rehder, Frank"]
[Result "0-1"]
[WhiteElo "2022"]
[BlackElo "1876"]
[PlyCount "79"]
[EventDate "2014.04.26"]
[EventType "swiss"]
[EventRounds "9"]
[EventCountry "GER"]
[SourceTitle "EXT 2018"]
[Source "ChessBase"]
[SourceDate "2017.10.13"]
[SourceVersion "1"]
[SourceVersionDate "2017.10.13"]
[SourceQuality "1"]

1. e4 d6 2. d4 g6 3. Nc3 Bg7 4. Bg5 h6 5. Bh4 Nf6 6. e5 dxe5 7. dxe5 Nfd7 8. f4 0-0 9. e6 fxe6 10. Qg4 Nc5 11. Qxg6 Rxf4 12. Bf2 Nba6 13. Nf3 b6 14. Be2 Bb7 15. 0-0 Rf6 16. Qg4 Bd5 17. a3 Qe8 18. Ne5 Rf5 19. Nf3 Bb7 20. b4 Nd7 21. Be3 Kh8 22. Nd4 Ne5 23. Qh3 Rxf1+ 24. Rxf1 Qg6 25. Bh5 Qxg2+ 26. Qxg2 Bxg2 27. Kxg2 Nc4 28. Bg1 c5 29. bxc5 Nxc5 30. a4 Rd8 31. Nde2 Rd2 32. Rc1 Bxc3 33. Kf1 Bf6 34. Bxc5 bxc5 35. Bf7 Ne3+ 36. Ke1 Rxc2 37. Rxc2 Nxc2+ 38. Kd2 Nd4 39. Nxd4 Bxd4 40. Bxe6 0-1